[Event "Gaprindashvili Cup Women III Stage 2020"]
[Site "Online"]
[Date "2020.11.12"]
[Round "1.6"]
[White "Khurtsilava, Inga"]
[Black "Tsatsalashvili, Keti"]
[Result "1/2-1/2"]
[WhiteElo "2260"]
[BlackElo "2331"]
[Annotator "broadcasts"]
[PlyCount "175"]
[EventDate "2020.11.04"]
[EventType "k.o."]
[TimeControl "1500+5"]

1. d4 {[%emt 0:00:00]} Nf6 {[%emt 0:00:08]} 2. Nf3 {[%emt 0:00:04]} e6 {[%emt 0:00:08]} 3. e3 {[%emt 0:00:04]} d5 {[%emt 0:00:08]} 4. Bd3 {[%emt 0:00:04]} c5 {[%emt 0:00:08]} 5. b3 {[%emt 0:00:02]} b6 {[%emt 0:00:09]} 6. O-O {[%emt 0:00:08]} Bb7 {[%emt 0:00:04]} 7. Bb2 {[%emt 0:00:03]} Be7 {[%emt 0:00:03]} 8. Nbd2 {[%emt 0:00:04]} O-O {[%emt 0:00:04]} 9. Ne5 {[%emt 0:00:19]} Nc6 {[%emt 0:00:21]} 10. a3 {[%emt 0:00:04]} Ne8 {[%emt 0:02:06]} 11. Qh5 {[%emt 0:02:10]} f5 {[%emt 0:00:07]} 12. Qe2 {[%emt 0:00:34]} Nxe5 {[%emt 0:01:20]} 13. dxe5 {[%emt 0:00:05]} g6 {[%emt 0:00:27]} 14. c4 {[%emt 0:00:08]} Ng7 {[%emt 0:00:06]} 15. f4 {[%emt 0:00:16]} Qd7 {[%emt 0:01:07]} 16. Nf3 {[%emt 0:00:09]} Rfd8 {[%emt 0:00:18]} 17. Rfd1 {[%emt 0:00:04]} Qe8 {[%emt 0:00:50]} 18. Rd2 {[%emt 0:00:50]} a5 {[%emt 0:03:07]} 19. Rad1 {[%emt 0:00:20]} a4 {[%emt 0:01:31]} 20. cxd5 {[%emt 0:00:19]} Bxd5 {[%emt 0:00:11]} 21. Bb5 {[%emt 0:00:15]} Bc6 {[%emt 0:00:05]} 22. bxa4 {[%emt 0:00:51]} Bxb5 {[%emt 0:04:04]} 23. axb5 {[%emt 0:00:14]} Rxd2 {[%emt 0:01:47]} 24. Nxd2 {[%emt 0:01:30]} Ra5 {[%emt 0:00:08]} 25. Nc4 {[%emt 0:00:39]} Qxb5 {[%emt 0:00:27]} 26. Qc2 {[%emt 0:00:20]} Ra8 {[%emt 0:00:14]} 27. Rd3 {[%emt 0:01:06]} Qc6 {[%emt 0:00:19]} 28. Qd2 {[%emt 0:02:14]} b5 {[%emt 0:00:22]} 29. Nd6 {[%emt 0:03:03]} h6 {[%emt 0:00:22]} 30. Qd1 {[%emt 0:01:50]} Rb8 {[%emt 0:00:47]} 31. Rd2 {[%emt 0:00:20]} Ra8 {[%emt 0:00:22]} 32. Qb3 {[%emt 0:00:47]} Rb8 {[%emt 0:00:04]} 33. a4 {[%emt 0:01:29]} b4 {[%emt 0:00:19]} 34. a5 {[%emt 0:00:27]} Rd8 {[%emt 0:00:16]} 35. Nc4 {[%emt 0:01:43]} Rxd2 {[%emt 0:00:11]} 36. Nxd2 {[%emt 0:00:02]} Bd8 {[%emt 0:00:10]} 37. Nc4 {[%emt 0:00:14]} Qb5 {[%emt 0:00:10]} 38. Kf2 {[%emt 0:01:43]} Bxa5 {[%emt 0:00:44]} 39. h3 {[%emt 0:00:28]} Bd8 {[%emt 0:00:24]} 40. Nd6 {[%emt 0:00:15]} Qc6 {[%emt 0:00:07]} 41. Qc4 {[%emt 0:00:13]} Qd5 {[%emt 0:00:34]} 42. Qb5 {[%emt 0:01:14]} Qd2+ {[%emt 0:00:47]} 43. Qe2 {[%emt 0:00:04]} Bh4+ {[%emt 0:00:34]} 44. Kf1 {[%emt 0:00:03]} Qd5 {[%emt 0:00:15]} 45. Qc2 {[%emt 0:00:19]} b3 {[%emt 0:00:51]} 46. Qe2 {[%emt 0:00:52]} Nh5 {[%emt 0:00:19]} 47. Kg1 {[%emt 0:00:15]} Ng3 {[%emt 0:00:17]} 48. Qf3 {[%emt 0:00:04]} Qxf3 {[%emt 0:01:00]} 49. gxf3 {[%emt 0:00:03]} Be7 {[%emt 0:00:09]} 50. Nc4 {[%emt 0:00:08]} Bd8 {[%emt 0:00:12]} 51. Kf2 {[%emt 0:00:05]} Nh5 {[%emt 0:00:06]} 52. Nd2 {[%emt 0:00:09]} Ba5 {[%emt 0:00:14]} 53. Nxb3 {[%emt 0:00:03]} Bb4 {[%emt 0:00:02]} 54. Bc1 {[%emt 0:00:08]} c4 {[%emt 0:00:04]} 55. Nd4 {[%emt 0:00:05]} Kf7 {[%emt 0:00:04]} 56. Nc2 {[%emt 0:00:12]} Bc5 {[%emt 0:00:03]} 57. Ba3 {[%emt 0:00:06]} Nxf4 {[%emt 0:00:07]} 58. Kf1 {[%emt 0:00:18]} Nd3 {[%emt 0:00:05]} 59. Bxc5 {[%emt 0:00:07]} Nxc5 {[%emt 0:00:03]} 60. Ke2 {[%emt 0:00:03]} g5 {[%emt 0:00:07]} 61. Na3 {[%emt 0:00:03]} c3 {[%emt 0:00:04]} 62. Nb5 {[%emt 0:00:04]} c2 {[%emt 0:00:10]} 63. Kd2 {[%emt 0:00:03]} Nd3 {[%emt 0:00:05]} 64. Kxc2 {[%emt 0:00:05]} Nxe5 {[%emt 0:00:03]} 65. Nd4 {[%emt 0:00:03]} h5 {[%emt 0:00:09]} 66. Kd2 {[%emt 0:00:04]} Kf6 {[%emt 0:00:07]} 67. Ke2 {[%emt 0:00:03]} g4 {[%emt 0:00:01]} 68. fxg4 {[%emt 0:00:05]} fxg4 {[%emt 0:00:04]} 69. hxg4 {[%emt 0:00:02]} Nxg4 {[%emt 0:00:02]} 70. Kf3 {[%emt 0:00:04]} Ne5+ {[%emt 0:00:03]} 71. Kg3 {[%emt 0:00:04]} Ng6 {[%emt 0:00:02]} 72. Kf3 {[%emt 0:00:03]} Ke5 {[%emt 0:00:02]} 73. Ne2 {[%emt 0:00:10]} h4 {[%emt 0:00:04]} 74. Ng1 {[%emt 0:00:03]} Kf5 {[%emt 0:00:02]} 75. Nh3 {[%emt 0:00:07]} Ne5+ {[%emt 0:00:03]} 76. Kf2 {[%emt 0:00:17]} Nc4 {[%emt 0:00:17]} 77. Kf3 {[%emt 0:00:05]} Nd2+ {[%emt 0:00:03]} 78. Kf2 {[%emt 0:00:11]} Kg4 {[%emt 0:00:06]} 79. Kg2 {[%emt 0:00:02]} Nc4 {[%emt 0:00:08]} 80. Nf2+ {[%emt 0:00:03]} Kf5 {[%emt 0:00:04]} 81. Kf3 {[%emt 0:00:02]} Ne5+ {[%emt 0:00:03]} 82. Kg2 {[%emt 0:00:03]} Ng4 {[%emt 0:00:03]} 83. e4+ {[%emt 0:00:04]} Kf4 {[%emt 0:00:04]} 84. Nd3+ {[%emt 0:00:09]} Kxe4 {[%emt 0:00:04]} 85. Nc5+ {[%emt 0:00:02]} Kf5 {[%emt 0:00:08]} 86. Nxe6 {[%emt 0:00:03]} Kxe6 {[%emt 0:00:17]} 87. Kh3 {[%emt 0:00:03]} Kf5 {[%emt 0:00:02]} 88. Kxh4 {[%emt 0:00:02]} 1/2-1/2

[Event "Gaprindashvili Cup Women III Stage 2020"]
[Site "Online"]
[Date "2020.11.12"]
[Round "1.7"]
[White "Khomeriki, Nino"]
[Black "Mikadze, Miranda"]
[Result "1/2-1/2"]
[WhiteElo "2293"]
[BlackElo "2269"]
[Annotator "broadcasts"]
[PlyCount "201"]
[EventDate "2020.11.04"]
[EventType "k.o."]
[TimeControl "1500+5"]

1. d4 {[%emt 0:00:00]} d5 {[%emt 0:00:06]} 2. Nf3 {[%emt 0:00:03]} Nf6 {[%emt 0:00:03]} 3. e3 {[%emt 0:00:05]} Bf5 {[%emt 0:00:17]} 4. c4 {[%emt 0:00:04]} c6 {[%emt 0:00:44]} 5. Nc3 {[%emt 0:01:37]} e6 {[%emt 0:00:04]} 6. Qb3 {[%emt 0:00:07]} Qb6 {[%emt 0:00:22]} 7. Qxb6 {[%emt 0:04:36]} axb6 {[%emt 0:00:04]} 8. Nh4 {[%emt 0:00:02]} Bg4 {[%emt 0:00:51]} 9. h3 {[%emt 0:00:20]} Bh5 {[%emt 0:00:03]} 10. g4 {[%emt 0:00:05]} Bg6 {[%emt 0:00:02]} 11. Nxg6 {[%emt 0:00:05]} hxg6 {[%emt 0:00:03]} 12. f3 {[%emt 0:00:01]} Nbd7 {[%emt 0:07:07]} 13. Bd2 {[%emt 0:02:15]} Be7 {[%emt 0:01:07]} 14. cxd5 {[%emt 0:03:51]} exd5 {[%emt 0:03:15]} 15. Bg2 {[%emt 0:00:51]} b5 {[%emt 0:00:04]} 16. Kf2 {[%emt 0:00:51]} Nb6 {[%emt 0:00:11]} 17. b3 {[%emt 0:00:29]} Ba3 {[%emt 0:01:02]} 18. Rab1 {[%emt 0:00:48]} O-O {[%emt 0:01:40]} 19. e4 {[%emt 0:02:24]} dxe4 {[%emt 0:00:51]} 20. fxe4 {[%emt 0:00:18]} Rfd8 {[%emt 0:00:02]} 21. Ne2 {[%emt 0:00:15]} Re8 {[%emt 0:03:16]} 22. e5 {[%emt 0:01:36]} Nfd5 {[%emt 0:00:04]} 23. h4 {[%emt 0:03:40]} c5 {[%emt 0:00:26]} 24. h5 {[%emt 0:00:19]} cxd4 {[%emt 0:00:51]} 25. hxg6 {[%emt 0:00:03]} fxg6 {[%emt 0:00:46]} 26. Be4 {[%emt 0:00:15]} Rxe5 {[%emt 0:00:12]} 27. Bxg6 {[%emt 0:00:19]} Rf8+ {[%emt 0:00:03]} 28. Nf4 {[%emt 0:00:25]} Nxf4 {[%emt 0:00:06]} 29. Bh7+ {[%emt 0:00:03]} Kf7 {[%emt 0:00:19]} 30. Bxf4 {[%emt 0:00:04]} Ke7 {[%emt 0:00:12]} 31. Bf5 {[%emt 0:00:31]} Rexf5 {[%emt 0:00:47]} 32. gxf5 {[%emt 0:00:04]} Rxf5 {[%emt 0:00:02]} 33. Kg3 {[%emt 0:00:05]} Nd5 {[%emt 0:00:02]} 34. Rhe1+ {[%emt 0:00:31]} Kd7 {[%emt 0:00:48]} 35. Re5 {[%emt 0:00:16]} Rxe5 {[%emt 0:01:09]} 36. Bxe5 {[%emt 0:00:02]} Nc3 {[%emt 0:00:03]} 37. Rh1 {[%emt 0:00:25]} Bc5 {[%emt 0:00:40]} 38. Kf3 {[%emt 0:00:03]} Nxa2 {[%emt 0:00:03]} 39. Ke4 {[%emt 0:00:04]} Nc3+ {[%emt 0:00:12]} 40. Kd3 {[%emt 0:00:01]} Nd5 {[%emt 0:00:02]} 41. Bxg7 {[%emt 0:00:20]} Nb4+ {[%emt 0:00:03]} 42. Ke4 {[%emt 0:00:02]} Nc6 {[%emt 0:00:09]} 43. Kd5 {[%emt 0:00:04]} Bb6 {[%emt 0:00:04]} 44. Bf6 {[%emt 0:00:05]} Kc7 {[%emt 0:00:04]} 45. Be5+ {[%emt 0:00:05]} Nxe5 {[%emt 0:00:07]} 46. Kxe5 {[%emt 0:00:02]} Kb8 {[%emt 0:00:05]} 47. Kd5 {[%emt 0:00:10]} Ka7 {[%emt 0:00:02]} 48. Ra1+ {[%emt 0:00:03]} Kb8 {[%emt 0:00:02]} 49. Rh1 {[%emt 0:00:04]} Ka7 {[%emt 0:00:02]} 50. Ke4 {[%emt 0:00:01]} Bc5 {[%emt 0:00:04]} 51. Kd5 {[%emt 0:00:12]} Bb6 {[%emt 0:00:05]} 52. Ra1+ {[%emt 0:00:02]} Kb8 {[%emt 0:00:01]} 53. Ke4 {[%emt 0:00:01]} Bc5 {[%emt 0:00:03]} 54. Ra5 {[%emt 0:00:13]} Kc7 {[%emt 0:00:13]} 55. Kd5 {[%emt 0:00:11]} Bb4 {[%emt 0:00:14]} 56. Ra1 {[%emt 0:00:06]} Bc3 {[%emt 0:00:02]} 57. Rd1 {[%emt 0:00:04]} Kb6 {[%emt 0:00:02]} 58. Ke4 {[%emt 0:00:01]} Ka5 {[%emt 0:00:01]} 59. Kd3 {[%emt 0:00:05]} Kb4 {[%emt 0:00:02]} 60. Kc2 {[%emt 0:00:01]} Kc5 {[%emt 0:00:07]} 61. Rh1 {[%emt 0:00:03]} Kb6 {[%emt 0:00:12]} 62. Rh5 {[%emt 0:00:04]} Kc6 {[%emt 0:00:07]} 63. Kd3 {[%emt 0:00:04]} Kb6 {[%emt 0:00:02]} 64. Rh7 {[%emt 0:00:03]} Kc6 {[%emt 0:00:02]} 65. Rf7 {[%emt 0:00:02]} Kb6 {[%emt 0:00:02]} 66. Rf6+ {[%emt 0:00:05]} Ka5 {[%emt 0:00:02]} 67. Rd6 {[%emt 0:00:04]} Kb4 {[%emt 0:00:04]} 68. Rb6 {[%emt 0:00:03]} Kxb3 {[%emt 0:00:12]} 69. Rxb5+ {[%emt 0:00:02]} Ka4 {[%emt 0:00:03]} 70. Rxb7 {[%emt 0:00:01]} Ka5 {[%emt 0:00:01]} 71. Kc4 {[%emt 0:00:08]} Ka6 {[%emt 0:00:02]} 72. Rb3 {[%emt 0:00:05]} Ka5 {[%emt 0:00:14]} 73. Rb8 {[%emt 0:00:09]} Ka6 {[%emt 0:00:11]} 74. Rb1 {[%emt 0:00:06]} Ka5 {[%emt 0:00:05]} 75. Kc5 {[%emt 0:00:12]} Ka4 {[%emt 0:00:03]} 76. Kc4 {[%emt 0:00:08]} Ka3 {[%emt 0:00:02]} 77. Rb8 {[%emt 0:00:09]} Ka2 {[%emt 0:00:02]} 78. Rb7 {[%emt 0:00:04]} Ka3 {[%emt 0:00:02]} 79. Rb8 {[%emt 0:00:02]} Ka2 {[%emt 0:00:02]} 80. Rb3 {[%emt 0:00:09]} Bb2 {[%emt 0:00:26]} 81. Rb7 {[%emt 0:00:09]} Bc3 {[%emt 0:00:02]} 82. Kd3 {[%emt 0:00:03]} Ka3 {[%emt 0:00:03]} 83. Kc4 {[%emt 0:00:03]} Ka2 {[%emt 0:00:02]} 84. Ra7+ {[%emt 0:00:03]} Kb2 {[%emt 0:00:02]} 85. Kd3 {[%emt 0:00:03]} Kb3 {[%emt 0:00:04]} 86. Rb7+ {[%emt 0:00:04]} Ka2 {[%emt 0:00:03]} 87. Kc2 {[%emt 0:00:09]} Ka3 {[%emt 0:00:02]} 88. Rb8 {[%emt 0:00:04]} Ka4 {[%emt 0:00:04]} 89. Rb7 {[%emt 0:00:02]} Ka3 {[%emt 0:00:02]} 90. Kd3 {[%emt 0:00:10]} Ka2 {[%emt 0:00:03]} 91. Kc4 {[%emt 0:00:03]} Ka3 {[%emt 0:00:03]} 92. Rd7 {[%emt 0:00:03]} Ka2 {[%emt 0:00:04]} 93. Kd3 {[%emt 0:00:05]} Kb3 {[%emt 0:00:02]} 94. Rb7+ {[%emt 0:00:03]} Ka2 {[%emt 0:00:03]} 95. Kc2 {[%emt 0:00:03]} Ka3 {[%emt 0:00:02]} 96. Rb8 {[%emt 0:00:05]} Ka4 {[%emt 0:00:02]} 97. Kd3 {[%emt 0:00:05]} Ka3 {[%emt 0:00:09]} 98. Kc4 {[%emt 0:00:02]} Ka2 {[%emt 0:00:06]} 99. Rb3 {[%emt 0:00:04]} Bb2 {[%emt 0:00:20]} 100. Rxb2+ {[%emt 0:00:04]} Kxb2 {[%emt 0:00:02]} 101. Kxd4 {[%emt 0:00:02]} 1/2-1/2

[Event "Gaprindashvili Cup Women III Stage 2020"]
[Site "Online"]
[Date "2020.11.12"]
[Round "1.8"]
[White "Purtseladze, Maka"]
[Black "Charkhalashvili, Inga"]
[Result "0-1"]
[WhiteElo "2274"]
[BlackElo "2276"]
[Annotator "broadcasts"]
[PlyCount "120"]
[EventDate "2020.11.04"]
[EventType "k.o."]
[TimeControl "1500+5"]

1. d4 {[%emt 0:00:00]} Nf6 {[%emt 0:00:04]} 2. c4 {[%emt 0:00:02]} e6 {[%emt 0:00:02]} 3. Nc3 {[%emt 0:00:02]} d5 {[%emt 0:00:03]} 4. cxd5 {[%emt 0:00:02]} exd5 {[%emt 0:00:03]} 5. Bg5 {[%emt 0:00:02]} Bb4 {[%emt 0:00:05]} 6. e3 {[%emt 0:00:03]} h6 {[%emt 0:00:06]} 7. Bh4 {[%emt 0:00:02]} c6 {[%emt 0:00:17]} 8. Bd3 {[%emt 0:00:11]} O-O {[%emt 0:01:06]} 9. Nge2 {[%emt 0:00:18]} b6 {[%emt 0:00:20]} 10. a3 {[%emt 0:01:12]} Be7 {[%emt 0:00:06]} 11. b4 {[%emt 0:03:00]} b5 {[%emt 0:02:02]} 12. Bxf6 {[%emt 0:01:46]} Bxf6 {[%emt 0:00:10]} 13. a4 {[%emt 0:00:01]} bxa4 {[%emt 0:01:46]} 14. Qxa4 {[%emt 0:01:56]} Bd7 {[%emt 0:00:33]} 15. Qa5 {[%emt 0:00:38]} Qxa5 {[%emt 0:01:15]} 16. bxa5 {[%emt 0:02:56]} Bc8 {[%emt 0:00:54]} 17. Kd2 {[%emt 0:01:38]} Na6 {[%emt 0:00:15]} 18. Rhb1 {[%emt 0:01:52]} Be7 {[%emt 0:00:04]} 19. Ra4 {[%emt 0:01:26]} Rd8 {[%emt 0:00:42]} 20. h3 {[%emt 0:02:24]} c5 {[%emt 0:01:23]} 21. Nf4 {[%emt 0:03:15]} Nc7 {[%emt 0:00:37]} 22. Nb5 {[%emt 0:03:09]} Nxb5 {[%emt 0:02:16]} 23. Bxb5 {[%emt 0:00:03]} Rb8 {[%emt 0:00:16]} 24. Bd3 {[%emt 0:00:50]} Rxb1 {[%emt 0:00:39]} 25. Bxb1 {[%emt 0:00:01]} g5 {[%emt 0:01:48]} 26. Ne2 {[%emt 0:00:06]} Bd7 {[%emt 0:00:21]} 27. Ra2 {[%emt 0:00:03]} Rb8 {[%emt 0:01:34]} 28. Kc1 {[%emt 0:00:03]} Bb5 {[%emt 0:00:31]} 29. dxc5 {[%emt 0:00:14]} Bc4 {[%emt 0:00:51]} 30. Rc2 {[%emt 0:00:08]} Bxc5 {[%emt 0:00:07]} 31. Ba2 {[%emt 0:00:01]} Ba3+ {[%emt 0:01:11]} 32. Kd1 {[%emt 0:00:02]} Bb5 {[%emt 0:00:56]} 33. Bxd5 {[%emt 0:00:12]} Ba4 {[%emt 0:00:06]} 34. Nd4 {[%emt 0:00:05]} Bxc2+ {[%emt 0:01:05]} 35. Nxc2 {[%emt 0:00:03]} Bc5 {[%emt 0:00:18]} 36. f3 {[%emt 0:00:03]} Rb1+ {[%emt 0:00:33]} 37. Ke2 {[%emt 0:00:05]} Rc1 {[%emt 0:00:17]} 38. Kd2 {[%emt 0:00:04]} Rg1 {[%emt 0:00:18]} 39. f4 {[%emt 0:00:01]} gxf4 {[%emt 0:00:31]} 40. exf4 {[%emt 0:00:02]} Rf1 {[%emt 0:00:06]} 41. Bf3 {[%emt 0:00:03]} Kg7 {[%emt 0:00:11]} 42. a6 {[%emt 0:00:02]} Kf6 {[%emt 0:00:07]} 43. Ke2 {[%emt 0:00:16]} Rb1 {[%emt 0:00:08]} 44. Ne1 {[%emt 0:00:04]} Rb2+ {[%emt 0:00:06]} 45. Kd3 {[%emt 0:00:06]} Ra2 {[%emt 0:00:19]} 46. Bb7 {[%emt 0:00:07]} Ra3+ {[%emt 0:00:18]} 47. Kc4 {[%emt 0:00:04]} Bd6 {[%emt 0:00:09]} 48. Nd3 {[%emt 0:00:03]} Bxf4 {[%emt 0:00:43]} 49. Nxf4 {[%emt 0:00:07]} Ra4+ {[%emt 0:00:02]} 50. Kc5 {[%emt 0:00:05]} Rxf4 {[%emt 0:00:02]} 51. Bd5 {[%emt 0:00:08]} Ke5 {[%emt 0:00:13]} 52. Bf3 {[%emt 0:00:06]} Rf6 {[%emt 0:00:04]} 53. Bc6 {[%emt 0:00:05]} Rf1 {[%emt 0:00:06]} 54. Bf3 {[%emt 0:00:05]} Rc1+ {[%emt 0:00:10]} 55. Kb5 {[%emt 0:00:02]} Kd4 {[%emt 0:00:10]} 56. Bb7 {[%emt 0:00:02]} f5 {[%emt 0:00:06]} 57. Bf3 {[%emt 0:00:08]} f4 {[%emt 0:00:05]} 58. Ba8 {[%emt 0:00:04]} Rb1+ {[%emt 0:00:07]} 59. Kc6 {[%emt 0:00:04]} Rb6+ {[%emt 0:00:03]} 60. Kc7 {[%emt 0:00:01]} Rxa6 {[%emt 0:00:03]} 0-1

[Event "Gaprindashvili Cup Women III Stage 2020"]
[Site "Online"]
[Date "2020.11.12"]
[Round "2.1"]
[White "Melia, Salome"]
[Black "Khukhashvili, Sopiko"]
[Result "1-0"]
[WhiteElo "2371"]
[BlackElo "2334"]
[Annotator "ChessBase"]
[PlyCount "109"]
[EventDate "2020.11.04"]
[EventType "k.o."]
[SourceTitle "playchess.com"]
[Source "ChessBase"]
[SourceQuality "1"]
[TimeControl "1500+5"]

1. e4 {[%emt 0:00:00]} c5 {[%emt 0:00:03]} 2. Nf3 {[%emt 0:00:04]} e6 {[%emt 0:00:03]} 3. d4 {[%emt 0:00:03]} cxd4 {[%emt 0:00:01]} 4. Nxd4 {[%emt 0:00:02]} a6 {[%emt 0:00:01]} 5. c4 {[%emt 0:00:13]} Qc7 {[%emt 0:00:07]} 6. Nc3 {[%emt 0:00:04]} Nf6 {[%emt 0:00:07]} 7. a3 {[%emt 0:00:02]} Nc6 {[%emt 0:00:07]} 8. Nxc6 {[%emt 0:01:06]} dxc6 {[%emt 0:00:15]} 9. Be3 {[%emt 0:01:07]} e5 {[%emt 0:00:24]} 10. Be2 {[%emt 0:00:10]} b5 {[%emt 0:00:21]} 11. O-O {[%emt 0:00:56]} Be7 {[%emt 0:00:15]} 12. Rc1 {[%emt 0:01:50]} Qb7 {[%emt 0:00:38]} 13. f4 {[%emt 0:01:40]} exf4 {[%emt 0:01:17]} 14. Bxf4 {[%emt 0:00:04]} Be6 {[%emt 0:00:03]} 15. e5 {[%emt 0:00:29]} Rd8 {[%emt 0:00:15]} 16. Qe1 {[%emt 0:00:38]} Qb6+ {[%emt 0:00:42]} 17. Kh1 {[%emt 0:00:08]} Ng4 {[%emt 0:00:21]} 18. Bxg4 {[%emt 0:00:45]} Bxg4 {[%emt 0:00:03]} 19. Ne4 {[%emt 0:02:12]} bxc4 {[%emt 0:01:20]} 20. Nd6+ {[%emt 0:05:51]} Bxd6 {[%emt 0:01:04]} 21. exd6+ {[%emt 0:00:03]} Be6 {[%emt 0:00:04]} 22. Be5 {[%emt 0:00:23]} Kd7 {[%emt 0:00:34]} 23. Qh4 {[%emt 0:01:43]} Kc8 {[%emt 0:02:16]} 24. Rfe1 {[%emt 0:02:53]} Bd5 {[%emt 0:00:22]} 25. Bd4 {[%emt 0:00:56]} Qb5 {[%emt 0:00:49]} 26. Qg3 {[%emt 0:00:51]} Be6 {[%emt 0:01:41]} 27. Re5 {[%emt 0:00:06]} Qb7 {[%emt 0:00:06]} 28. Rc5 {[%emt 0:00:04]} h5 {[%emt 0:00:50]} 29. h3 {[%emt 0:00:11]} h4 {[%emt 0:00:10]} 30. Qf4 {[%emt 0:00:19]} Qd7 {[%emt 0:00:12]} 31. Qf3 {[%emt 0:00:21]} Kb7 {[%emt 0:00:20]} 32. Be5 {[%emt 0:00:07]} f6 {[%emt 0:00:21]} 33. Bh2 {[%emt 0:00:06]} Bd5 {[%emt 0:00:12]} 34. Qc3 {[%emt 0:00:08]} Rb8 {[%emt 0:01:47]} 35. Rd1 {[%emt 0:00:02]} Ka8 {[%emt 0:01:08]} 36. Qa5 {[%emt 0:00:02]} Rxb2 {[%emt 0:00:52]} 37. Rdxd5 {[%emt 0:02:08]} cxd5 {[%emt 0:00:05]} 38. Qxa6+ {[%emt 0:00:10]} Qa7 {[%emt 0:00:13]} 39. Qc6+ {[%emt 0:00:02]} Rb7 {[%emt 0:00:22]} 40. d7 {[%emt 0:00:03]} Qxc5 {[%emt 0:02:57]} 41. Qxc5 {[%emt 0:00:02]} Rxd7 {[%emt 0:00:02]} 42. Qa5+ {[%emt 0:00:02]} Ra7 {[%emt 0:00:17]} 43. Qxd5+ {[%emt 0:00:02]} Rb7 {[%emt 0:00:08]} 44. Qxc4 {[%emt 0:00:10]} Rd8 {[%emt 0:01:24]} 45. Qa6+ {[%emt 0:00:03]} Ra7 {[%emt 0:00:02]} 46. Qc6+ {[%emt 0:00:02]} Rb7 {[%emt 0:00:02]} 47. Bd6 {[%emt 0:00:10]} Ka7 {[%emt 0:00:10]} 48. Bc5+ {[%emt 0:00:07]} Kb8 {[%emt 0:00:03]} 49. Bd6+ {[%emt 0:00:03]} Ka7 {[%emt 0:00:02]} 50. Kh2 {[%emt 0:00:04]} Rbd7 {[%emt 0:00:10]} 51. Bc5+ {[%emt 0:00:05]} Kb8 {[%emt 0:00:02]} 52. a4 {[%emt 0:00:08]} Rd2 {[%emt 0:00:20]} 53. Qb6+ {[%emt 0:00:04]} Kc8 {[%emt 0:00:03]} 54. Qc6+ {[%emt 0:00:03]} Kb8 {[%emt 0:00:02]} 55. a5 {[%emt 0:00:02]} 1-0

[Event "Gaprindashvili Cup Women III Stage 2020"]
[Site "Online"]
[Date "2020.11.12"]
[Round "2.1"]
[White "Tsatsalashvili, Keti"]
[Black "Arabidze, Meri"]
[Result "0-1"]
[WhiteElo "2331"]
[BlackElo "2437"]
[Annotator "ChessBase"]
[PlyCount "102"]
[EventDate "2020.11.04"]
[EventType "k.o."]
[SourceTitle "playchess.com"]
[Source "ChessBase"]
[SourceQuality "1"]
[TimeControl "1500+5"]

1. d4 {[%emt 0:00:00]} Nf6 {[%emt 0:00:04]} 2. Nf3 {[%emt 0:00:03]} e6 {[%emt 0:00:05]} 3. g3 {[%emt 0:00:02]} d5 {[%emt 0:00:12]} 4. Bg2 {[%emt 0:00:03]} b5 {[%emt 0:00:41]} 5. a4 {[%emt 0:00:06]} b4 {[%emt 0:00:03]} 6. c4 {[%emt 0:00:02]} bxc3 {[%emt 0:00:03]} 7. Nxc3 {[%emt 0:00:02]} Be7 {[%emt 0:00:59]} 8. O-O {[%emt 0:00:03]} O-O {[%emt 0:00:08]} 9. Ne5 {[%emt 0:00:27]} Ba6 {[%emt 0:00:46]} 10. Re1 {[%emt 0:00:19]} Nfd7 {[%emt 0:00:57]} 11. e4 {[%emt 0:01:26]} Nxe5 {[%emt 0:00:45]} 12. dxe5 {[%emt 0:00:03]} d4 {[%emt 0:00:35]} 13. Nb5 {[%emt 0:00:26]} c5 {[%emt 0:00:21]} 14. Qg4 {[%emt 0:02:04]} Kh8 {[%emt 0:00:32]} 15. Bd2 {[%emt 0:01:09]} Nc6 {[%emt 0:00:38]} 16. f4 {[%emt 0:00:02]} Rb8 {[%emt 0:02:02]} 17. Bf1 {[%emt 0:00:06]} d3 {[%emt 0:00:35]} 18. Qf3 {[%emt 0:00:46]} c4 {[%emt 0:00:12]} 19. Rac1 {[%emt 0:01:06]} Bxb5 {[%emt 0:01:42]} 20. axb5 {[%emt 0:00:04]} Nd4 {[%emt 0:00:02]} 21. Qd1 {[%emt 0:01:24]} Nc2 {[%emt 0:00:51]} 22. Rxc2 {[%emt 0:00:03]} dxc2 {[%emt 0:00:02]} 23. Qxc2 {[%emt 0:00:02]} Rxb5 {[%emt 0:00:12]} 24. Bxc4 {[%emt 0:00:08]} Qd4+ {[%emt 0:01:06]} 25. Be3 {[%emt 0:00:03]} Qxb2 {[%emt 0:00:19]} 26. Qxb2 {[%emt 0:00:08]} Rxb2 {[%emt 0:00:03]} 27. Bxa7 {[%emt 0:00:03]} Rc8 {[%emt 0:00:12]} 28. Bf1 {[%emt 0:00:13]} g6 {[%emt 0:00:40]} 29. Be2 {[%emt 0:01:24]} Rcc2 {[%emt 0:00:16]} 30. Bf3 {[%emt 0:00:31]} Rxh2 {[%emt 0:01:57]} 31. Bd4 {[%emt 0:00:12]} Ra2 {[%emt 0:00:05]} 32. f5 {[%emt 0:00:23]} Rh3 {[%emt 0:01:08]} 33. Bf2 {[%emt 0:00:43]} Bc5 {[%emt 0:01:03]} 34. Bxc5 {[%emt 0:01:12]} Rxg3+ {[%emt 0:00:04]} 35. Kh1 {[%emt 0:00:02]} Rxf3 {[%emt 0:00:31]} 36. fxe6 {[%emt 0:00:59]} fxe6 {[%emt 0:00:09]} 37. Be7 {[%emt 0:00:16]} Kg7 {[%emt 0:00:12]} 38. Rc1 {[%emt 0:00:21]} Kh6 {[%emt 0:00:21]} 39. Bf6 {[%emt 0:00:10]} g5 {[%emt 0:00:22]} 40. Kg1 {[%emt 0:00:17]} Rfa3 {[%emt 0:00:25]} 41. Rc7 {[%emt 0:00:26]} Rb3 {[%emt 0:00:14]} 42. Rc1 {[%emt 0:00:10]} Kh5 {[%emt 0:00:15]} 43. Rf1 {[%emt 0:00:21]} h6 {[%emt 0:00:23]} 44. Rd1 {[%emt 0:00:06]} Kg4 {[%emt 0:00:07]} 45. Kh1 {[%emt 0:00:10]} h5 {[%emt 0:00:23]} 46. Rg1+ {[%emt 0:00:21]} Rg3 {[%emt 0:00:06]} 47. Rd1 {[%emt 0:00:06]} Rh3+ {[%emt 0:00:16]} 48. Kg1 {[%emt 0:00:02]} h4 {[%emt 0:00:04]} 49. Rc1 {[%emt 0:00:07]} Rg3+ {[%emt 0:00:06]} 50. Kh1 {[%emt 0:00:02]} Kh3 {[%emt 0:00:08]} 51. Bxg5 {[%emt 0:00:11]} Rh2# {[%emt 0:00:03]} 0-1